Quizzes
Events
Quiz Creation
Community
Videos
Private Events
Remove Ads
Sign In
Join for FREE
Feedback
Dark Mode
Quiz Categories
Sports
Geography
Music
Movies
Television
Just For Fun
Miscellaneous
History
Literature
Language
Science
Gaming
Entertainment
Religion
Holiday
For Kids
Quiz Lab
Recent
Popular Today
Quiz Kudos Today
Editor Picks
Curator Picks
Quizzes by...
Day
Popularity
Type
Ratings
Length
Year
Community
Subscriptions
Recent Discussions
Orange Saloon
Badges
Playlists
Quests
Create
Leaderboards
Showdown
Live 5
Trivia Bingo
Activity
Puzzle Library
Sporcle Events
Private Events
Virtual Trivia
Globe League
Become a Host
Pub Owners
SporcleCon
Opinionation
Our Games
Videos
Blog
Mobile Apps
Partnerships
Remove Ads and Go Orange
Feedback
History
US Presidents
World Leaders
Politics
Nation
Discovery
War
Decade
Year
Century
Biography
Art
History
US Presidents
World Leaders
Politics
Nation
Discovery
War
Decade
Year
Century
Biography
Art
Random Quiz
Search Sporcle
×
Editor Pick
Editor Pick
History
World Leaders
Type in answers that appear in a list
Type in answers that appear in a list
Classic
Best Score? Go Orange.
English monarch by mother's name Stats
Can you name the English monarchs (since 1066) by their mothers' names? [See More Info]
By
Anne13
10m
44 Questions
2,432 Plays
2,432 Plays
2,432 Plays
Comments
Comments
Give Quiz Kudos
Give Quiz Kudos
-
- Ratings
hide this ad
More Info
Forced Order
Answers have to be entered in order
Answers have to be entered in order
Random Order
Randomize order of answers
Randomize order of answers
Replay
Link that replays current quiz
Next Quiz
Link to next quiz in quiz playlist
You Got
0%
They Got
Avg Score
67%
Avg Friend Score
Upgrade to see
Score Distribution
Jump to the score distribution portion of the page
Score
0/44
Timer
10:00
0
Plays Today
Mother's name
Monarch
% Correct
Elizabeth II
Charles III
95.8%
Lady Anne Boleyn
Elizabeth I
92.8%
Catherine of Aragon
Mary I
91%
Lady Jane Seymour
Edward VI
89.5%
Mary Queen of Scots
James I
89.3%
Victoria
Edward VII
87.7%
Elizabeth Bowes Lyon, Duchess of York
Elizabeth II
86.4%
Eleanor of Aquitaine (son 1)
Richard I
79.4%
Elizabeth of York
Henry VIII
79.4%
Mary of Teck (son 2)
George VI
78.7%
Eleanor of Aquataine (son 2)
John
78.3%
Mary of Teck* (son 1)
Edward VIII
77.9%
Anne Hyde, Duchess of York (dau. 2)
Anne
75.1%
Elizabeth Woodville*
Edward V
74.3%
Matilda
Henry II
74.1%
Anne Hyde, Duchess of York (dau. 1)
Mary II
73.4%
Charlotte Sophia of Mecklenburg (son 1)
George IV
73%
Victoria of Saxe-
Coburg
Victoria
72.4%
Margaret Beaufort of Richmond
Henry VII
72.2%
Charlotte Sophia of Mecklenburg (son 2)
William IV
69.7%
Lady Cecily Neville (son 2)
Richard III
69.4%
Henrietta Maria of France (son 1)
Charles II
69.3%
Mother's name
Monarch
% Correct
Lady Cecily Neville (son 1)
Edward IV
69.3%
Henrietta Maria of France (son 2)
James II
68.5%
Alexandra of Denmark
George V
68.4%
Matilda of Flanders (son 2)
Henry I
67.5%
Augusta of Saxe-
Gotha-
Saafeld
George III
66.3%
Matilda of Flanders (son 1)
William II
66.1%
Catherine of Valois
Henry VI
62.6%
Lady Frances Brandon*
Lady Jane Grey
62.2%
Isabella of France
Edward III
62.1%
Blanche of Lancaster
Henry IV
61.7%
Sophia of the Palatinate
George I
61.3%
Sophia Dorothea of Celle
George II
58.7%
Eleanor of Castile
Edward II
58%
Isabella of Angouleme
Henry III
57.6%
Herleva of Falaise
William I
56.6%
Adela of Normandy
Stephen
56.6%
Eleanor of Provence
Edward I
55.8%
Anne of Denmark
Charles I
54.2%
Joan of Kent
Richard II
51.2%
Mary de Bohun
Henry V
51.1%
Matilda of Scotland*
Matilda
49.3%
Mary Stuart, Princess Royal
William III
47.7%
Quiz Playlist
Details
Report
Send in Message
Add To Playlist
More Info:
* son or daughter never crowned or de facto reign, + interrupted reign.
Regnal numbers are required when applicable - using Roman Numerals
Source: The Kings and Queens of England- Ian Crofton
Classic:
Type in answers that appear in a list
Forced Order:
Answers have to be entered in order
Random Order:
Randomize order of answers
Last Updated: May 5, 2023
Editor Pick in
History
Quiz Scoreboard
CHALLENGE
Sign Up to Join the Scoreboard
Show All
Scores
Hide
Comments
May contain spoilers
Recently Published
TV Characters by Other Roles V
by ghcgh
Television
5m
Decade Duel: World Leaders
by jenniferyan
History
4m
Alphabetical 'K' Countries by Flag Minefield
by ylime102
Geography
3m
More to Explore
Quiz From the Vault
Featured Blog Post
15 Basketball Trivia Facts You Can Be March Mad About
hide this ad
You Might Also Like...
Tags
World Leaders Quiz
1066
British
British Monarch
British Queen
English
King
monarch
Mother
Queen
Queen Elizabeth
Royal
Today's Top Quizzes in History
Browse History
hide this ad
Today's Top Quizzes in World Leaders
Browse World Leaders
Top Contributed Quizzes in History
1
Decade Duel: US Presidents of the 1900s
2
I Am Born On March 19th
3
Decade Duel: US Presidents of the 1800s
4
Famous Spring Paintings
5
Arab Spring Nations
6
Art in Bloom
7
Religion og styreformer i Europa (klikking)
8
'NCAA' US History
9
Lead up to World War One
10
Constitutional Quiz
Explore More
Trending Topics
Marvel
NBA
Anime
Harry Potter
Crossword
Kpop
Disney
Soccer
Puzzle
WWE
The Office
Pokémon
Song
Country
NFL
hide this ad
More By:
Anne13
Quiz
Plays
Rating
Category
Featured
Created
'I' Countries
316,996
4.35
Geography
Dec 2, 2009
007 In Other Words
107,349
4.60
Movies
Sep 28, 2011
1 State, 4+ FBS Schools
92,592
4.37
Sports
Nov 16, 2010
75 Biggest One-Word Cities (US)
82,723
4.56
Geography
Aug 7, 2013
Great Lakes Borders
81,867
4.43
Geography
Sep 24, 2011
Go to Creator's Profile
Score Distribution
Quiz Creator Spotlight
Anne13
Follow
Send a Message
Quizzes Created
-
Created Quiz Play Count
-
More By This Creator
Popular Quizzes Today
1
Countries of Asia Without Outlines Minefield
2
Find the US States - No Outlines Minefield
3
Pick 6: Fruits
4
The Countries of the World
5
Find the Countries of Europe - No Outlines Minefield
6
Alphabetical 'K' Countries by Flag Minefield
7
US States
8
Find the US States
More History Quizzes
Let's Draw the Fourth of July!
Editor's Pick
Trending Quizzes
Pick 6: Mountains
Pick 6: Harry Potter
Pick 6: Flags
Pick 6: NFL Teams
C Names for Actors
Recently Updated
Adaptations: Name the Title
pecheneg
NWSL Teams
pecheneg
Women's Final Four Teams by Year
bhenderson79
Presidents Quartet II
eogle
Anything But Clue(do)
eogle
Anything But Oceanian Capitals
eogle
Anything But 7
eogle
Anything But Thing
eogle
Word Ladder: February 29
pecheneg
Song Title Questions
pecheneg
Trending Topics
Marvel
Kpop
Disney
Harry Potter
NBA
Anime
Crossword
NFL
Soccer
WWE
Puzzle
Country
Pokémon
The Office
Song
Your Account Isn't Verified!
In order to create a playlist on Sporcle, you need to verify the email address you used during registration. Go to your
Sporcle Settings
to finish the process.
Report this User
Report this user for behavior that violates our
Community Guidelines
.
Details:
Send Report
Go to the Sporcle.com Mobile Site →
Comments